00552nam a2200169 a 450000500170000000800410001702000180005805000290007610000180010524500960012326000400021930000170025944000190027652000340029565000330032965000200036220140412111242.0020409s19uu xx 00 eng d a1-85758-720-0 aTR(GS 372.634bH316 1998 aHarris, Sarah aWriting skills, ages 6-7 :bkey stage I learning workbook /cSarah Harris and Frances Asti. aLondon :bLetts Educational,c1998. a40 p. ; ill. aLetts Literacy aKey stage I writing, ages 6-7 aWritingxJuvenile literature aWritingxskills